Effect of solute carrier organic anion transporter 1B1 (SLCO1B1) and multiple drug resistance 1((MDR1) genotypes on lipid profile of atorvastatin - treated hypercholesterolemic Egyptian patients / (رقم التسجيلة. 43081)
[ عرض عادي ]
| 000 -LEADER | |
|---|---|
| fixed length control field | 01993cam a2200349 a 4500 |
| 003 - CONTROL NUMBER IDENTIFIER | |
| control field | EG-GiCUC |
| 005 - DATE AND TIME OF LATEST TRANSACTION | |
| control field | 20250223030836.0 |
| 008 - FIXED-LENGTH DATA ELEMENTS--GENERAL INFORMATION | |
| fixed length control field | 130601s2013 ua dh f m 000 0 eng d |
| 040 ## - CATALOGING SOURCE | |
| Original cataloging agency | EG-GiCUC |
| Language of cataloging | eng |
| Transcribing agency | EG-GiCUC |
| 041 0# - LANGUAGE CODE | |
| Language code of text/sound track or separate title | eng |
| 049 ## - LOCAL HOLDINGS (OCLC) | |
| Holding library | Deposite |
| 097 ## - Thesis Degree | |
| Thesis Level | Ph.D |
| 099 ## - LOCAL FREE-TEXT CALL NUMBER (OCLC) | |
| Classification number | Cai01.11.29.Ph.D.2013.Mo.E |
| 100 0# - MAIN ENTRY--PERSONAL NAME | |
| Personal name | Mona Farag Shabana |
| 245 10 - TITLE STATEMENT | |
| Title | Effect of solute carrier organic anion transporter 1B1 (SLCO1B1) and multiple drug resistance 1((MDR1) genotypes on lipid profile of atorvastatin - treated hypercholesterolemic Egyptian patients / |
| Statement of responsibility, etc. | Mona Farag Shabana ; Supervised Amal Anwar Mishriki , Ghada Abdelzaher Hashim , Sameh Wadie Ghali Bakhoum |
| 246 15 - VARYING FORM OF TITLE | |
| Title proper/short title | على صورة الدهون بالدم لمرضى مصريين مصابين بارتفاع الكوليسترول بالدم و يعالجون بعقار (أتورفاستاتين( (MDR1) و (SLCO1B1)تأثير الاشكال الجينية لجينى |
| 260 ## - PUBLICATION, DISTRIBUTION, ETC. | |
| Place of publication, distribution, etc. | Cairo : |
| Name of publisher, distributor, etc. | Mona Farag Shabana , |
| Date of publication, distribution, etc. | 2013 |
| 300 ## - PHYSICAL DESCRIPTION | |
| Extent | 110P. : |
| Other physical details | charts , facsimiles ; |
| Dimensions | 25cm |
| 502 ## - DISSERTATION NOTE | |
| Dissertation note | Thesis (Ph.D.) - Cairo University - Faculty of Medicine - Department of Pharmacology |
| 520 ## - SUMMARY, ETC. | |
| Summary, etc. | The aim of the present study was to evaluate the effect of genetic polymorphisms of SLCO1B1 and MDR1 on the pharmacodynamics of atorvastatin which is the degree of improvement in the lipid profile of patients receiving atorvastatin . We studied 50 patients receiving atorvastatin in a dose of 40 mg once per day for a period of 4 weeks . We used the specific primers for restriction fragment length polymorphism |
| 530 ## - ADDITIONAL PHYSICAL FORM AVAILABLE NOTE | |
| Additional physical form available note | Issued also as CD |
| 653 #4 - INDEX TERM--UNCONTROLLED | |
| Uncontrolled term | Atorvastatin |
| 653 #4 - INDEX TERM--UNCONTROLLED | |
| Uncontrolled term | Hypercholesterolemia |
| 653 #4 - INDEX TERM--UNCONTROLLED | |
| Uncontrolled term | MDRI |
| 700 0# - ADDED ENTRY--PERSONAL NAME | |
| Personal name | Amal Anwar Mishriki , |
| Relator term | |
| 700 0# - ADDED ENTRY--PERSONAL NAME | |
| Personal name | Ghada Abdelzaher Hashim , |
| Relator term | |
| 700 0# - ADDED ENTRY--PERSONAL NAME | |
| Personal name | Sameh Wadie Ghali Bakhoum , |
| Relator term | |
| 856 ## - ELECTRONIC LOCATION AND ACCESS | |
| Uniform Resource Identifier | <a href="http://172.23.153.220/th.pdf">http://172.23.153.220/th.pdf</a> |
| 905 ## - LOCAL DATA ELEMENT E, LDE (RLIN) | |
| Cataloger | Nazla |
| Reviser | Revisor |
| 905 ## - LOCAL DATA ELEMENT E, LDE (RLIN) | |
| Cataloger | Soheir |
| Reviser | Cataloger |
| 942 ## - ADDED ENTRY ELEMENTS (KOHA) | |
| Source of classification or shelving scheme | Dewey Decimal Classification |
| Koha item type | Thesis |
| Source of classification or shelving scheme | Not for loan | Home library | Current library | Date acquired | Full call number | Barcode | Date last seen | Koha item type | Copy number |
|---|---|---|---|---|---|---|---|---|---|
| Dewey Decimal Classification | المكتبة المركزبة الجديدة - جامعة القاهرة | قاعة الرسائل الجامعية - الدور الاول | 11.02.2024 | Cai01.11.29.Ph.D.2013.Mo.E | 01010110060706000 | 22.09.2023 | Thesis | ||
| Dewey Decimal Classification | المكتبة المركزبة الجديدة - جامعة القاهرة | مخـــزن الرســائل الجـــامعية - البدروم | 11.02.2024 | Cai01.11.29.Ph.D.2013.Mo.E | 01020110060706000 | 22.09.2023 | CD - Rom | 60706.CD |